000 01236nam a2200373 a 4500
003 AR-BaBNM
005 20251128204017.0
008 082120s2002 ||||||||||||||000 | spa||
040 _cAR-BaBNM
245 0 0 _aTrabajo de investigación sobre dificultades de aprendizaje en alumnos de primer grado
_baño 1981-1982
260 _aConcepción del Uruguay
_bEl Mirador
_c1983
300 _a53 p.
_btablas, diagr.
490 0 _aJosé B. Zubiaur. Pedagogía y psicología
500 _aAsociación de psicológos de Concepción del Uruguay
650 4 _aSERVICIOS DE ORIENTACION
650 4 _aPRUEBAS PSICOLOGICAS
650 4 _aPRUEBAS DE RENDIMIENTO
650 4 _aPRUEBAS DE INTELIGENCIA
650 4 _aPSICOLOGIA DE LA EDUCACION
653 _aPROCESO DE ENSEÑANZA-APRENDIZAJE
653 _aGABINETES PSICOPEDAGOGICOS
653 _aINVESTIGACION EDUCATIVA
700 1 _aNardi de Agüero, Estela
700 1 _aBiegun, Liliana K. de
700 1 _aGualberto de Pascal, Sara
700 1 _aPerinotto, Luis
700 1 _aRudoy, Alicia G. de
700 1 _aRutsch, Mirta Lidia
700 1 _aSito, Jorge
700 1 _aCampi, Eduardo
700 1 _aGiqueaux, Eduardo Julio
_eprologuista
942 _cBK
998 _cSILVI
999 _c5803
_d5803